00858nam a22002297a 4500003000500000005001700005008004100022010001100063011001100074035001100085040000900096100002800105245014300133260004000276500006000316502010900376650001400485650001800499650001900517650002800536856006400564CHAP20220329143838.0111215s2011 mx r 00010 spa d a102697 a103669 a114358 cCHAP1 aSancén Plaza, Arturo.10aHemípteros relacionados con Opuntia ficus indica L. (Miller) en Milpa Alta, Ciudad de Méxicoh[En línea]c/por Arturo Sancén Plaza aChapingo, Méx. :bEl autor,c2011 aPara ver el contenido del material haga clic en la liga aTesis (Ing. Agr. Esp. en Parasitología Agrícola) -- UACH. Departamento de Parasitología Agrícola14aChinches.14aHemípteros.14aNopalxPlagas.14aNopalzMéxico (D.F.). 3Finding aiduhttp://10.13.5.2/tesis/114358.pdfzTeclea aqui